[Event "SLO-ch U16"]
[Site "Sentjur"]
[Date "2005.03.03"]
[Round "8"]
[White "Masat, Matej"]
[Black "Mali, Matic"]
[Result "0-1"]
[WhiteElo "1507"]
[BlackElo "1527"]
[PlyCount "82"]
[EventDate "2005.02.26"]
[EventType "swiss"]
[EventRounds "9"]
[EventCountry "SLO"]
[SourceTitle "CBM 105 Extra"]
[Source "ChessBase"]
[SourceDate "2005.05.01"]
[SourceVersion "1"]
[SourceVersionDate "2005.05.01"]
[SourceQuality "1"]

1. e4 e5 2. Nf3 Nc6 3. Bc4 Bc5 4. c3 Nf6 5. d4 exd4 6. e5 d5 7. Bb5 Nd7 8. cxd4 Bb4+ 9. Bd2 Bxd2+ 10. Nbxd2 Ne7 11. Bd3 Nb6 12. b3 a6 13. 0-0 0-0 14. Ng5 Bf5 15. Bxf5 Nxf5 16. Ndf3 Nh4 17. Rc1 Nxf3+ 18. Nxf3 Nc8 19. h3 Ne7 20. Qc2 c6 21. Nh2 Qb6 22. Qd3 f6 23. f4 fxe5 24. fxe5 Ng6 25. Qe3 Rae8 26. e6 Re7 27. Rf7 Rfxf7 28. exf7+ Kxf7 29. Qf2+ Kg8 30. Nf3 Nf4 31. Qd2 Ne2+ 32. Kh1 Nxc1 33. Qxc1 h6 34. Qf4 Rf7 35. Qb8+ Rf8 36. Qe5 Qd8 37. Qe6+ Kh7 38. Ne5 Rf1+ 39. Kh2 Qg5 40. Qg4 Qxg4 41. Nxg4 Rf4 0-1

[Event "SLO-ch U16"]
[Site "Celje"]
[Date "2004.03.10"]
[Round "4"]
[White "Masat, Matej"]
[Black "Ladinek, Anton"]
[Result "1-0"]
[WhiteElo "1500"]
[BlackElo "1500"]
[PlyCount "63"]
[EventDate "2004.02.22"]
[EventType "swiss"]
[EventRounds "9"]
[EventCountry "SLO"]
[SourceTitle "EXT 2008"]
[Source "ChessBase"]
[SourceDate "2007.11.25"]
[SourceVersion "1"]
[SourceVersionDate "2007.11.25"]
[SourceQuality "1"]

1. e4 c5 2. Nf3 Nc6 3. d4 cxd4 4. Nxd4 Qc7 5. Nc3 a6 6. Be3 Nf6 7. Bd3 e6 8. 0-0 Be7 9. Kh1 0-0 10. Qe2 b5 11. a3 Bb7 12. Rad1 Nxd4 13. Bxd4 e5 14. Nxb5 axb5 15. Be3 Nxe4 16. Bxb5 Rfd8 17. f3 Nf6 18. Qf2 e4 19. Bb6 Qc8 20. Bxd8 Bxd8 21. fxe4 Nxe4 22. Qf5 Bf6 23. Bd3 d5 24. Qh5 g6 25. Qf3 Qe6 26. Bxe4 Qxe4 27. Qxf6 Qe6 28. Qd4 Re8 29. h3 Qe5 30. Qb4 Ba6 31. Rfe1 Be2 32. Rd2 1-0

[Event "SLO-ch U16"]
[Site "Celje"]
[Date "2004.03.10"]
[Round "9"]
[White "Masat, Matej"]
[Black "Skaza, Niko"]
[Result "1-0"]
[WhiteElo "1500"]
[BlackElo "1500"]
[PlyCount "27"]
[EventDate "2004.02.22"]
[EventType "swiss"]
[EventRounds "9"]
[EventCountry "SLO"]
[SourceTitle "EXT 2008"]
[Source "ChessBase"]
[SourceDate "2007.11.25"]
[SourceVersion "1"]
[SourceVersionDate "2007.11.25"]
[SourceQuality "1"]

1. e4 e5 2. Nf3 Nc6 3. Bc4 Bc5 4. c3 Nf6 5. d4 exd4 6. e5 Qe7 7. 0-0 Nxe5 8. Nxe5 Qxe5 9. Re1 Ne4 10. Nd2 d5 11. Bd3 Bf5 12. Kf1 dxc3 13. bxc3 Qxc3 14. Nxe4 1-0